000 01548cam a22003974i 4500
003 PE-LiUPU
005 20250731173157.0
008 150623s r 000 0 d
035 _a(Sirsi) a29261
040 _aPE-LiUPU
_bspa
_cPE-LiUPU
_erda
082 0 4 _a236
_bT73
_221
100 1 _aTornos Cubillo, Andres,
_eautor.
245 1 0 _aEsperanza como Riesgo y Perdición Definitiva.
264 1 _aMadrid :
_bFundación Santa María,
_c1984.
300 _a80 páginas ;
_c19 cm.
336 _atext
_2rdacontent
337 _aunmediated
_2rdamedia
338 _avolume
_2rdacarrier
505 0 _aLa doctrina de la perdición eterna en el ambiente de hoy. -La respuesta de la Teología. -Los problemas teológicos de fondo. -Posiciones históricos-dogmáticos. -El anuncio evangélico sobre salvación y perdición. -Interpretaciones teológicas. -El mensaje del nuevo testamento sobre los riesgos de la esperanza.
526 _aSEG42
526 _aSEG41
526 _aSEG40
526 _aSEG39
526 _aP94
526 _aP87
526 _aP86
526 _aP85
526 _aP77
526 _aP76
526 _aP35
942 _2ddc
_cBOOK
949 _a236 T73
_wDEWEY
_c1
_i24448
_lCCODEBUL1
_mBUL
_p00.00
_r0
_sY
_tBOOK
_u2015-06-24
_xBIBLIOTECA
_zUNKNOWN
_0COMPRA
_o.STAFF. Colección General
596 _a1
999 _a236 T73
_wDEWEY
_c36600
_i24448
_f2021-11-10
_g5
_lCCODEBUL1
_mBUL
_r0
_sY
_tBOOK
_u2015-6-24
_xTEOLOGIA
_zUNKNOWN
_0COMPRA
_o.STAFF. Colección General
_d36600
980 _81
_gALBERTO SANCHEZ Responsable de Automatización